000 01190nam a2200277 i 4500
003 DO-SdBNP
005 20260415174539.0
007 ta
008 240322b2004 dr ac||| |||| 00| 0 spa d
040 _aDO-SdBNP
_bspa
_cBNPHU
_erda
082 4 _a333.79
_bR426p
_222
110 _aRepública Dominicana.
_bNacional de Energía
_985087
245 0 0 _aPlan energético nacional 2004-2015
264 _aSanto Domingo :
_bComisión Nacional de Energía,
_c2004.
300 _a369 páginas :
_bilustraciones ;
_c24 cm.
336 _2rdacontent
_atexto
_btxt
337 _2rdamedia
_asin mediación
_bn
338 _2rdacarrier
_avolumen
_bnc
505 _t La energía en República Dominicana 18 -- El mercado eléctrico dominicano 43 -- Los hidrocarburos líquidos y gaseosos 82 -- Las energías renovables 138 -- Prospectiva de la demanda energética 179 -- El abastecimiento futuro de energía 230 -- Política energética 279
_t
_t
_t
590 _aInventariado, 2024/DG
650 0 _a
_zRepública Dominicana
_912155
650 4 _aSector energético
_zRepública Dominicana
_985088
651 4 _aRepública Dominicana
_xHistoria
_yRevolución, 1965
_92167
910 _aDG
942 _2ddc
_cLBS1
999 _c56184
_d56184